Počítačová podpora návrhu a výroby automobilového spojlera

Saved in:
Bibliographic Details
Main Author: Baranič, Nino (Author)
Other Authors: Peterka, Jozef (Thesis advisor)
Format: Manuscript Book
Language:Slovak
Published: 2025
Subjects:
Online Access:http://is.stuba.sk/zp/portal_zp.pl?podrobnosti=176945
Tags: Add Tag
No Tags, Be the first to tag this record!

MARC

LEADER 00000ntm a22000003a 4500
001 stuzp104309
003 SK-STU
005 20250628211420.1
007 ta
008 150427s2015----xo-----f-mn---000-0-slo-d
040 |a STU  |b slo 
041 0 |a slo 
100 1 |a Baranič, Nino  |u 063000  |4 aut  |U MTF Materiálovotechnologická fakulta  |T MTF Ústav výrobných technológií  |X 121994  |U M3000  |Y 83  |7 121994 
242 0 1 |a Computer aided design and manufacturing of automotive spoiler  |y eng 
245 1 0 |a Počítačová podpora návrhu a výroby automobilového spojlera 
260 |c 2025 
650 4 |a CA systémy  |2 slo 
650 4 |a CAD  |2 slo 
650 4 |a CAM  |2 slo 
650 4 |a obrábanie  |2 slo 
650 4 |a CA systems  |2 eng 
650 4 |a CAD  |2 eng 
650 4 |a CAM  |2 eng 
650 4 |a machining  |2 eng 
700 1 |a Peterka, Jozef  |u 063200  |k Z1  |4 ths  |U MTF Ústav výrobných technológií  |T MTF Katedra obrábania a počítačovej podpory technológií  |X 278  |U M3200  |Y 164  |7 A000000278 
856 4 |u http://is.stuba.sk/zp/portal_zp.pl?podrobnosti=176945 
996 |c M* BP-9875  |l MMSKP  |s P  |a 0  |w stuzp104309_0001